[Event "Piestany Slovakia op-A"]
[Site "Piestany"]
[Date "2025.07.14"]
[Round "7"]
[White "Soucek, Andrej"]
[Black "Chiszko, Oskar"]
[Result "0-1"]
[WhiteElo "2105"]
[BlackElo "2149"]
[PlyCount "108"]
[EventDate "2025.07.08"]
[EventType "swiss"]
[EventRounds "9"]
[EventCountry "SVK"]
[SourceTitle "CB29_2025"]
[SourceDate "2025.07.16"]
[SourceVersion "1"]
[SourceVersionDate "2025.07.16"]
[SourceQuality "1"]

1. d4 e6 2. c4 Nf6 3. g3 d5 4. Bg2 Nc6 5. Nf3 dxc4 6. Qa4 Bb4+ 7. Bd2 Nd5 8. Bxb4 Ndxb4 9. Ne5 Bd7 10. Nxd7 Qxd7 11. a3 Nd5 12. Qxc4 Nb6 13. Bxc6 Nxc4 14. Bxd7+ Kxd7 15. b3 Nd6 16. e3 Rhe8 17. Nc3 e5 18. dxe5 Rxe5 19. Ke2 Rae8 20. Rhd1 f6 21. Rac1 Rd8 22. Rd3 Kc8 23. Rcd1 Ree8 24. h4 Nf7 25. Rxd8+ Nxd8 26. Nd5 Ne6 27. Kf3 c6 28. Nc3 Nc5 29. b4 Nd7 30. Ne4 Kc7 31. Kf4 Nb6 32. Rd3 Nc4 33. h5 Ne5 34. Rd4 b6 35. Nd6 Re6 36. Ne4 Nf7 37. g4 Re5 38. f3 a5 39. Nd2 Ng5 40. Rd3 axb4 41. axb4 Rb5 42. Rb3 Ne6+ 43. Kg3 f5 44. f4 Nf8 45. Nb1 fxg4 46. Kxg4 Nd7 47. f5 Nc5 48. h6 gxh6 49. Rb2 Nd3 50. Rd2 Rxb4+ 51. Kh5 Ne5 52. Nc3 Nf3 53. Nd5+ cxd5 54. Rc2+ Rc4 0-1

[Event "Piestany Slovakia op-A"]
[Site "Piestany"]
[Date "2025.07.09"]
[Round "2"]
[White "Chiszko, Oskar"]
[Black "Ernst, Robert"]
[Result "1/2-1/2"]
[WhiteElo "2149"]
[BlackElo "2334"]
[PlyCount "115"]
[EventDate "2025.07.08"]
[EventType "swiss"]
[EventRounds "9"]
[EventCountry "SVK"]
[SourceTitle "CB29_2025"]
[SourceDate "2025.07.16"]
[SourceVersion "1"]
[SourceVersionDate "2025.07.16"]
[SourceQuality "1"]

1. c4 e6 2. Nc3 Bb4 3. d4 Nf6 4. e3 Bxc3+ 5. bxc3 c5 6. a3 d6 7. Bd3 Nc6 8. Ne2 e5 9. 0-0 h6 10. f4 e4 11. Bb1 0-0 12. Ng3 Re8 13. f5 Na5 14. Rf4 Nxc4 15. Nxe4 d5 16. Nxf6+ Qxf6 17. Qf3 cxd4 18. cxd4 Nb6 19. Ba2 Re4 20. g4 Rxf4 21. Qxf4 Bd7 22. Bd2 Re8 23. Rf1 Bb5 24. Rf2 Bd3 25. Qg3 Qe7 26. f6 Qxa3 27. e4 Qxa2 28. Qxd3 dxe4 29. Qh3 Qb1+ 30. Rf1 Qd3 31. Qxd3 exd3 32. fxg7 Kxg7 33. Rf3 Re4 34. h3 Nc4 35. Rxd3 Nxd2 36. Rxd2 Kf6 37. Kf2 Ke7 38. Rb2 b6 39. Ra2 a5 40. Rb2 Re6 41. d5 Rd6 42. Ke3 Kd7 43. Kd4 Kc7 44. Rf2 f6 45. Rc2+ Kd7 46. Rb2 Kc7 47. Rc2+ Kd8 48. Rb2 a4 49. Ra2 b5 50. Kc5 Kd7 51. Kxb5 Ra6 52. Rxa4 Rxa4 53. Kxa4 Kd6 54. Kb4 Kxd5 55. Kc3 Ke4 56. Kd2 Kf3 57. Kd3 Kg3 58. Ke3 1/2-1/2

[Event "POL-chT U20"]
[Site "Chotowa"]
[Date "2025.06.22"]
[Round "9.27"]
[White "Lesik, Sebastian"]
[Black "Chiszko, Oskar"]
[Result "1-0"]
[WhiteElo "1835"]
[BlackElo "2152"]
[PlyCount "89"]
[EventDate "2025.06.14"]
[EventType "team-tourn"]
[EventRounds "9"]
[EventCountry "POL"]
[SourceTitle "CB27_2025"]
[SourceDate "2025.07.02"]
[SourceVersion "1"]
[SourceVersionDate "2025.07.02"]
[SourceQuality "1"]
[WhiteTeam "Warszawa Polonia"]
[BlackTeam "Bialystok Stoczek 45"]
[WhiteTeamCountry "POL"]
[BlackTeamCountry "POL"]

1. d4 Nf6 2. c4 e6 3. Nc3 Bb4 4. e3 0-0 5. Bd2 d5 6. Nf3 b6 7. cxd5 exd5 8. Rc1 Bb7 9. Bd3 Nbd7 10. Ne5 Be7 11. f4 c5 12. 0-0 a6 13. a4 Ne4 14. Be1 Ndf6 15. Bh4 cxd4 16. exd4 Qd6 17. Kh1 Rfd8 18. Qe2 Qb4 19. Nxe4 dxe4 20. Bc4 Nd5 21. Bxe7 Qxe7 22. Qxe4 f6 23. Bd3 g6 24. Nc4 Qf7 25. Qe1 Re8 26. Qd2 Qd7 27. b3 b5 28. Na5 Ne3 29. Rf2 Bxg2+ 30. Rxg2 Nxg2 31. Qxg2 Kh8 32. d5 bxa4 33. Bc4 a3 34. Nc6 Qd6 35. Qd2 Re4 36. Rf1 Rae8 37. Qb4 Qd7 38. Qxa3 Qh3 39. Qa1 Rxc4 40. bxc4 Re2 41. Rf2 Kg7 42. Rxe2 Qf3+ 43. Rg2 Qxf4 44. Qd1 Qxc4 45. d6 1-0

[Event "POL-chT U20"]
[Site "Chotowa"]
[Date "2025.06.15"]
[Round "2.27"]
[White "Chiszko, Oskar"]
[Black "Gibala, Adam"]
[Result "0-1"]
[WhiteElo "2152"]
[BlackElo "2245"]
[PlyCount "80"]
[EventDate "2025.06.14"]
[EventType "team-tourn"]
[EventRounds "9"]
[EventCountry "POL"]
[SourceTitle "CB27_2025"]
[SourceDate "2025.07.02"]
[SourceVersion "1"]
[SourceVersionDate "2025.07.02"]
[SourceQuality "1"]
[WhiteTeam "Bialystok Stoczek 45"]
[BlackTeam "Wroclaw Srodmiescie"]
[WhiteTeamCountry "POL"]
[BlackTeamCountry "POL"]

1. d4 d5 2. c4 dxc4 3. e4 b5 4. a4 c6 5. b3 e5 6. Nf3 Bg4 7. axb5 cxb5 8. d5 Bc5 9. Qc2 Bxf3 10. gxf3 Nd7 11. bxc4 b4 12. Bh3 Ne7 13. Nd2 Bd4 14. Bxd7+ Qxd7 15. Bb2 Bxb2 16. Qxb2 Qd6 17. Nb3 0-0 18. c5 Qf6 19. Qe2 Ng6 20. Ra6 Qg5 21. Qe3 Qg2 22. Rf1 f5 23. Nd2 b3 24. Qxb3 Rab8 25. Qc3 Nh4 26. Ra1 fxe4 27. c6 Rxf3 28. Qc4 Qg4 29. d6+ Kh8 30. Qe2 e3 31. fxe3 Ng2+ 32. Kd1 Nxe3+ 33. Ke1 Nc2+ 34. Kd1 Rxf1+ 35. Nxf1 Qd4+ 36. Nd2 Ne3+ 37. Qxe3 Qxe3 38. c7 Rf8 39. d7 Qg1+ 40. Ke2 Qg4+ 0-1

[Event "Bialystok Zamenhof Memorial 43rd"]
[Site "Bialystok"]
[Date "2024.12.28"]
[Round "4"]
[White "Haladaj, Adam1"]
[Black "Chiszko, Oskar"]
[Result "1-0"]
[WhiteElo "2014"]
[BlackElo "2106"]
[PlyCount "128"]
[EventDate "2024.12.27"]
[EventType "swiss"]
[EventRounds "9"]
[EventCountry "POL"]
[SourceTitle "CB02_2025"]
[SourceDate "2025.01.08"]
[SourceVersion "1"]
[SourceVersionDate "2025.01.08"]
[SourceQuality "1"]

1. e4 c5 2. Nf3 d6 3. d4 cxd4 4. Nxd4 Nf6 5. Nc3 a6 6. Bg5 Nbd7 7. Bc4 Qb6 8. Bb3 e6 9. Bxf6 Nxf6 10. Qd2 Be7 11. 0-0-0 Qa5 12. Kb1 Nd7 13. f4 Nc5 14. g4 Bd7 15. f5 Nxb3 16. axb3 Qc5 17. fxe6 fxe6 18. e5 d5 19. Rhf1 Rf8 20. Rxf8+ Kxf8 21. Nce2 Kg8 22. Nf4 Qb6 23. g5 Rf8 24. h4 Bc5 25. Qe3 Qd8 26. Qc3 Bxd4 27. Qxd4 Qe7 28. Rd2 Bb5 29. Rf2 Qd7 30. Nh3 Qe7 31. Rxf8+ Kxf8 32. Qf4+ Kg8 33. Ng1 Qc5 34. Nh3 Be8 35. b4 Qb5 36. Qg4 Bd7 37. Qf4 Be8 38. Qg4 Qf1+ 39. Ka2 Bd7 40. g6 hxg6 41. Ng5 Qf5 42. Qd4 Qxc2 43. Qb6 Qc8 44. b3 Bc6 45. Qc5 Qd7 46. Qc2 Qe8 47. Qc5 d4 48. Qxd4 Bd5 49. Ka3 Qc6 50. Qc5 Qxc5 51. bxc5 Kf8 52. Ka4 Ke7 53. Nh3 Kd7 54. Nf4 Kc6 55. b4 b6 56. Nxg6 bxc5 57. Ne7+ Kb6 58. Nxd5+ exd5 59. e6 Kc6 60. bxc5 d4 61. Kb4 a5+ 62. Kc4 a4 63. Kxd4 a3 64. Kc3 Kd5 1-0

[Event "Bialystok Zamenhof Memorial 43rd"]
[Site "Bialystok"]
[Date "2024.12.27"]
[Round "2"]
[White "Barwinska, Ewa"]
[Black "Chiszko, Oskar"]
[Result "1-0"]
[WhiteElo "2021"]
[BlackElo "2106"]
[PlyCount "73"]
[EventDate "2024.12.27"]
[EventType "swiss"]
[EventRounds "9"]
[EventCountry "POL"]
[SourceTitle "CB02_2025"]
[SourceDate "2025.01.08"]
[SourceVersion "1"]
[SourceVersionDate "2025.01.08"]
[SourceQuality "1"]

1. e4 c6 2. d4 d5 3. Nc3 dxe4 4. Nxe4 Bf5 5. Qf3 e6 6. Ne2 Nf6 7. Nxf6+ Qxf6 8. Qb3 Qe7 9. Ng3 Qb4+ 10. Qxb4 Bxb4+ 11. c3 Bd6 12. Nxf5 exf5 13. Bd3 g6 14. Bd2 Nd7 15. 0-0-0 0-0 16. Rhe1 Nf6 17. h3 Kg7 18. c4 b5 19. b3 Rab8 20. Bc3 bxc4 21. bxc4 Bb4 22. Kc2 Nd7 23. Rb1 Bxc3 24. Kxc3 Nb6 25. Bc2 Rb7 26. a4 Rfb8 27. Kd3 a5 28. Rb3 Nd5 29. cxd5 Rxb3+ 30. Bxb3 Rxb3+ 31. Kc2 Rb4 32. dxc6 Rxd4 33. Rc1 Rd8 34. Kc3 Kf6 35. Kc4 Ke7 36. Kb5 Rc8 37. c7 1-0

[Event "Benidorm Bali op-A 21st"]
[Site "Benidorm"]
[Date "2024.11.30"]
[Round "2"]
[White "Cruz Lledo, Pablo"]
[Black "Chiszko, Oskar"]
[Result "1-0"]
[WhiteElo "2411"]
[BlackElo "2140"]
[PlyCount "73"]
[EventDate "2024.11.29"]
[EventType "swiss"]
[EventRounds "9"]
[EventCountry "ESP"]
[SourceTitle "CB50_2024"]
[SourceDate "2024.11.01"]
[SourceVersion "1"]
[SourceVersionDate "2024.11.01"]
[SourceQuality "2"]

1. d4 g6 2. Bf4 Bg7 3. e3 Nf6 4. Be2 d6 5. h3 Nbd7 6. Nf3 0-0 7. 0-0 b6 8. a4 Bb7 9. a5 a6 10. axb6 c5 11. Na3 cxd4 12. exd4 Qxb6 13. Nc4 Qc7 14. Na5 Be4 15. c4 Qb6 16. b3 h6 17. Qd2 g5 18. Be3 d5 19. h4 Ng4 20. hxg5 Nxe3 21. Qxe3 Qg6 22. Rad1 f5 23. Nh4 Qb6 24. f3 f4 25. Qc3 e5 26. c5 Qc7 27. fxe4 exd4 28. Qh3 Ne5 29. gxh6 Bf6 30. Rxf4 Kh8 31. b4 Bg5 32. Rf5 Rxf5 33. Nxf5 dxe4 34. Rxd4 Rd8 35. Rxd8+ Qxd8 36. Nd6 Qf6 37. Nxe4 1-0

[Event "Warsaw Independence Rapid op"]
[Site "Warsaw"]
[Date "2024.11.11"]
[Round "7"]
[White "Chiszko, Oskar"]
[Black "Czernek, Tymon"]
[Result "0-1"]
[WhiteElo "2140"]
[BlackElo "2377"]
[PlyCount "102"]
[EventDate "2024.11.11"]
[EventType "swiss (rapid)"]
[EventRounds "9"]
[EventCountry "POL"]
[SourceTitle "CB47_2024"]
[SourceDate "2024.11.20"]
[SourceVersion "1"]
[SourceVersionDate "2024.11.20"]
[SourceQuality "1"]

1. d4 d5 2. c4 c6 3. Nc3 Nf6 4. Nf3 e6 5. e3 Bd6 6. Qc2 0-0 7. Bd3 Nbd7 8. 0-0 h6 9. Rd1 b6 10. e4 dxe4 11. Nxe4 Nxe4 12. Bxe4 Qc7 13. Bd2 Bb7 14. Bc3 Rad8 15. b4 Nf6 16. c5 Nxe4 17. Qxe4 Be7 18. Ne5 Rd5 19. Nc4 Rfd8 20. Ne3 R5d7 21. Rac1 Bg5 22. Rb1 Ba6 23. h4 Bxe3 24. fxe3 Bc4 25. Rd2 Qg3 26. Rf2 Bd5 27. Qf4 Qg6 28. Re1 Qd3 29. Ba1 f5 30. g4 Qe4 31. Qxe4 Bxe4 32. gxf5 exf5 33. Bc3 bxc5 34. bxc5 Rb7 35. Rd2 Kf7 36. Kf2 g5 37. hxg5 hxg5 38. Kg3 Kg6 39. Rh2 Re8 40. Ree2 Bd3 41. Re1 Rbe7 42. Kf2 Be4 43. Rh3 Bd5 44. Re2 f4 45. Bd2 g4 46. Rh4 Kg5 47. Rh2 g3+ 48. Kf1 gxh2 49. exf4+ Kf5 50. Rxh2 Bc4+ 51. Kg1 Rg7+ 0-1

[Event "POL-chT 2nd League"]
[Site "Jastrzebia Gora"]
[Date "2024.09.07"]
[Round "8.4"]
[White "Chiszko, Oskar"]
[Black "Liskiewicz, Jakub"]
[Result "1/2-1/2"]
[WhiteElo "2130"]
[BlackElo "2176"]
[PlyCount "86"]
[EventDate "2024.08.31"]
[EventType "team-swiss"]
[EventRounds "9"]
[EventCountry "POL"]
[SourceTitle "EXT 2025"]
[Source "ChessBase"]
[SourceDate "2024.10.14"]
[SourceVersion "1"]
[SourceVersionDate "2024.10.14"]
[SourceQuality "1"]
[WhiteTeam "Bialystok Stoczek 45"]
[BlackTeam "Torun UKS OPP"]
[WhiteTeamCountry "POL"]
[BlackTeamCountry "POL"]

1. d4 d5 2. c4 dxc4 3. e4 Nf6 4. Nc3 e5 5. Be3 exd4 6. Qxd4 Qxd4 7. Bxd4 Be6 8. f4 Nc6 9. Bxf6 gxf6 10. f5 Bd7 11. Bxc4 Ne5 12. Be2 0-0-0 13. 0-0-0 Bh6+ 14. Kb1 Bc6 15. Nh3 Bd2 16. Nf2 Be3 17. Nd3 Bd4 18. Nxe5 fxe5 19. Bf3 Rd6 20. Ne2 Rhd8 21. Rd2 Be3 22. Rxd6 Rxd6 23. Nc3 Rd2 24. Rd1 Rxd1+ 25. Nxd1 Bd4 26. Kc2 Kd7 27. Nc3 Bxc3 28. Kxc3 f6 29. a3 Kd6 30. h4 h6 31. g4 a5 32. b3 Kc5 33. b4+ axb4+ 34. axb4+ Kd6 35. Kc4 Be8 36. Be2 b6 37. Kc3 Bc6 38. Bd3 Bb7 39. Kb3 Bc6 40. b5 Be8 41. Kb4 c6 42. Bc4 c5+ 43. Kc3 Ke7 1/2-1/2

[Event "POL-chT 2nd League"]
[Site "Jastrzebia Gora"]
[Date "2024.09.02"]
[Round "3.22"]
[White "Kaminski, Jan"]
[Black "Chiszko, Oskar"]
[Result "0-1"]
[WhiteElo "1911"]
[BlackElo "2130"]
[PlyCount "110"]
[EventDate "2024.08.31"]
[EventType "team-swiss"]
[EventRounds "9"]
[EventCountry "POL"]
[SourceTitle "EXT 2025"]
[Source "ChessBase"]
[SourceDate "2024.10.14"]
[SourceVersion "1"]
[SourceVersionDate "2024.10.14"]
[SourceQuality "1"]
[WhiteTeam "Warszawa Zugzwang"]
[BlackTeam "Bialystok Stoczek 45"]
[WhiteTeamCountry "POL"]
[BlackTeamCountry "POL"]

1. e4 c6 2. c4 d5 3. cxd5 cxd5 4. exd5 Nf6 5. Qa4+ Nbd7 6. Nc3 g6 7. Nf3 Bg7 8. Bc4 0-0 9. d3 a6 10. Qa3 b6 11. 0-0 Bb7 12. Re1 b5 13. Bb3 Re8 14. Be3 Bf8 15. Ng5 h6 16. Nge4 e6 17. d6 Nd5 18. Nxd5 exd5 19. Nc5 Bc6 20. Nxd7 Qxd7 21. Bc5 Rxe1+ 22. Rxe1 a5 23. Bd1 b4 24. Qb3 Bxd6 25. Bxd6 Qxd6 26. d4 Rc8 27. Qh3 Qf8 28. Bf3 Re8 29. Rc1 Qe7 30. g3 Bb5 31. Bg2 Qg5 32. Rc8 Kg7 33. Rxe8 Qc1+ 34. Bf1 Bxe8 35. Kg2 f5 36. g4 Bd7 37. gxf5 Bxf5 38. Qe3 Be4+ 39. Kg1 Qxb2 40. Qf4 Qxd4 41. Qc7+ Kg8 42. Qd8+ Kh7 43. Qc7+ Qg7 44. Qxa5 Qe7 45. h3 Qg5+ 46. Kh2 Qf4+ 47. Kg1 Qf3 48. Qc7+ Kg8 49. Qb8+ Kf7 50. Qc7+ Kf6 51. Qd8+ Kf5 52. Qf8+ Kg5 53. Qe7+ Kh5 54. Qe5+ g5 55. Qh2 d4 0-1

[Event "Warsaw Najdorf Memorial op-A"]
[Site "Warsaw"]
[Date "2024.07.15"]
[Round "7"]
[White "Chiszko, Oskar"]
[Black "Orzechowski, Jacek"]
[Result "1-0"]
[WhiteElo "2192"]
[BlackElo "2072"]
[PlyCount "65"]
[EventDate "2024.07.09"]
[EventType "swiss"]
[EventRounds "9"]
[EventCountry "POL"]
[SourceTitle "EXT 2025"]
[Source "ChessBase"]
[SourceDate "2024.10.14"]
[SourceVersion "1"]
[SourceVersionDate "2024.10.14"]
[SourceQuality "1"]

1. e4 e6 2. d4 d5 3. Nc3 dxe4 4. Nxe4 Bd7 5. Nf3 Bc6 6. Bd3 Nd7 7. 0-0 Ngf6 8. Qe2 Nxe4 9. Bxe4 Bxe4 10. Qxe4 c6 11. Bg5 Be7 12. h4 h6 13. Bxe7 Qxe7 14. c4 Nf6 15. Qe3 0-0 16. Rfd1 Rfd8 17. Rac1 Rac8 18. a3 Qc7 19. b4 a5 20. Ne5 axb4 21. axb4 Qe7 22. Rb1 Nd7 23. Nf3 Qd6 24. g4 b5 25. g5 hxg5 26. c5 Qd5 27. hxg5 g6 28. Nh2 Ra8 29. Ng4 Kg7 30. Rd3 f5 31. gxf6+ Nxf6 32. Qh6+ Kf7 33. Ne5+ 1-0

[Event "Warsaw Najdorf Memorial op-A"]
[Site "Warsaw"]
[Date "2024.07.10"]
[Round "2"]
[White "Bartodziej, Bartosz"]
[Black "Chiszko, Oskar"]
[Result "0-1"]
[WhiteElo "2005"]
[BlackElo "2192"]
[PlyCount "76"]
[EventDate "2024.07.09"]
[EventType "swiss"]
[EventRounds "9"]
[EventCountry "POL"]
[SourceTitle "EXT 2025"]
[Source "ChessBase"]
[SourceDate "2024.10.14"]
[SourceVersion "1"]
[SourceVersionDate "2024.10.14"]
[SourceQuality "1"]

1. e4 c5 2. Nf3 d6 3. d4 cxd4 4. Nxd4 Nf6 5. Nc3 a6 6. Be3 e5 7. Nf3 Be7 8. Bc4 0-0 9. 0-0 Be6 10. Bb3 Qc8 11. Qe2 h6 12. Rfd1 Nbd7 13. Nh4 Nc5 14. Bxc5 dxc5 15. Bxe6 Qxe6 16. Nf5 Rfd8 17. Ne3 Rd4 18. Ncd5 Rd8 19. f3 Nh5 20. g3 Bg5 21. Nf5 R4xd5 22. Rxd5 Rxd5 23. exd5 Qxf5 24. f4 Bf6 25. Re1 exf4 26. Qf3 Qh3 27. Qg2 Qg4 28. Re8+ Kh7 29. Qe4+ g6 30. Rf8 Bd4+ 31. Kg2 Qd7 32. d6 f3+ 33. Kxf3 Nf6 34. Qe7 Qf5+ 35. Ke2 Qf2+ 36. Kd1 Qf3+ 37. Ke1 Bf2+ 38. Kd2 Ne4+ 0-1

[Event "Malopolska-ch"]
[Site "Krakow"]
[Date "2024.06.01"]
[Round "6"]
[White "Chiszko, Oskar"]
[Black "Pniaczek, Marek"]
[Result "1/2-1/2"]
[WhiteElo "2045"]
[BlackElo "2121"]
[PlyCount "108"]
[EventDate "2024.05.30"]
[EventType "swiss"]
[EventRounds "7"]
[EventCountry "POL"]
[SourceTitle "EXT 2025"]
[Source "ChessBase"]
[SourceDate "2024.10.14"]
[SourceVersion "1"]
[SourceVersionDate "2024.10.14"]
[SourceQuality "1"]

1. c4 e6 2. Nc3 d5 3. d4 Nf6 4. cxd5 exd5 5. Bg5 c6 6. e3 Bd6 7. Bd3 0-0 8. Qc2 h6 9. Bh4 Re8 10. Nge2 a5 11. Bg3 Na6 12. a3 Nc7 13. 0-0 Bxg3 14. Nxg3 Qd6 15. Na4 Be6 16. Nc5 Ra7 17. Rad1 Bg4 18. f3 Bc8 19. Kh1 Rxe3 20. Bf5 Re8 21. Bxc8 Rxc8 22. Nf5 Qf8 23. Qf2 b6 24. Na4 b5 25. Nc5 Ne6 26. Qh4 Nh7 27. Rfe1 Nhg5 28. Qg4 Nxc5 29. dxc5 Kh8 30. Nxg7 Kxg7 31. h4 f5 32. Qg3 Qf6 33. f4 Re7 34. fxg5 hxg5 35. hxg5 Rxe1+ 36. Rxe1 Rh8+ 37. Kg1 Qd4+ 38. Qe3 Qxe3+ 39. Rxe3 Kf7 40. Re5 Kg6 41. Re6+ Kxg5 42. Rxc6 Kf4 43. Kf2 Ke5 44. Rb6 b4 45. axb4 axb4 46. Rxb4 Rc8 47. Rb5 Kd4 48. b4 Kc3 49. c6 d4 50. Rc5+ Kxb4 51. Rc1 Kb5 52. c7 Kb6 53. Rb1+ Kxc7 54. Rb5 Kd6 1/2-1/2

[Event "Warsaw Szansa blitz op"]
[Site "Warsaw"]
[Date "2023.09.16"]
[Round "4"]
[White "Psyk, Radoslaw"]
[Black "Chiszko, Oskar"]
[Result "1-0"]
[WhiteElo "2460"]
[BlackElo "1895"]
[PlyCount "67"]
[EventDate "2023.09.16"]
[EventType "swiss (blitz)"]
[EventRounds "13"]
[EventCountry "POL"]
[SourceTitle "CBM 216 Extra"]
[Source "ChessBase"]
[SourceDate "2023.11.30"]
[SourceVersion "1"]
[SourceVersionDate "2023.11.30"]
[SourceQuality "1"]

1. e4 c6 2. d4 d5 3. exd5 cxd5 4. Bd3 Nc6 5. c3 Nf6 6. h3 g6 7. Nf3 Bg7 8. 0-0 0-0 9. Re1 Bf5 10. Bf4 Be4 11. Ng5 Bxd3 12. Qxd3 h6 13. Nf3 Ne4 14. Nbd2 f5 15. h4 Kh7 16. Re2 e6 17. Rae1 g5 18. hxg5 hxg5 19. Nxe4 dxe4 20. Nxg5+ Qxg5 21. Qh3+ Qh6 22. Bxh6 Bxh6 23. f3 Rg8 24. fxe4 f4 25. Qxe6 Rg6 26. Qf7+ Rg7 27. Qf5+ Kh8 28. e5 Ne7 29. Qh5 Kh7 30. Rf1 Rg5 31. Qf7+ Rg7 32. Qe6 Rc8 33. d5 Ng6 34. Qxc8 1-0

[Event "POL-ch Rapid U18"]
[Site "Bydgoszcz"]
[Date "2023.08.30"]
[Round "7"]
[White "Chiszko, Oskar"]
[Black "Rozanski, Mateusz"]
[Result "0-1"]
[WhiteElo "1876"]
[BlackElo "1932"]
[PlyCount "108"]
[EventDate "2023.08.28"]
[EventType "swiss"]
[EventRounds "11"]
[EventCountry "POL"]
[SourceTitle "CBM 216 Extra"]
[Source "ChessBase"]
[SourceDate "2023.11.30"]
[SourceVersion "1"]
[SourceVersionDate "2023.11.30"]
[SourceQuality "1"]

1. e4 e5 2. Nf3 Nc6 3. Bb5 a6 4. Ba4 Nf6 5. 0-0 b5 6. Bb3 Be7 7. Re1 d6 8. h3 0-0 9. c3 Na5 10. Bc2 c5 11. d3 h6 12. Nbd2 Qc7 13. Nf1 Be6 14. Ne3 Rac8 15. d4 cxd4 16. cxd4 Nc4 17. Nxc4 Bxc4 18. b3 Be6 19. Bd3 exd4 20. Nxd4 Qc3 21. Be3 Nd7 22. Rc1 Qb2 23. Nc6 Bf6 24. Rc2 Rxc6 25. Rxb2 Bxb2 26. Re2 Bc3 27. Rc2 b4 28. f4 Nc5 29. f5 Nxd3 30. Qxd3 Bd7 31. Bd2 Rfc8 32. Bxc3 Rxc3 33. Rxc3 bxc3 34. Qc2 Bb5 35. Kf2 Bd3 36. Qc1 Bxe4 37. f6 c2 38. fxg7 Kxg7 39. Ke3 Bg6 40. b4 f6 41. a4 Be8 42. g4 Bxa4 43. h4 Kg6 44. Kd3 Bd7 45. g5 hxg5 46. hxg5 fxg5 47. Kd4 Bf5 48. Ke3 d5 49. Kd4 g4 50. Ke3 d4+ 51. Kd2 d3 52. Ke3 Re8+ 53. Kf4 Re4+ 54. Kg3 Rc4 0-1

[Event "POL-ch Rapid U18"]
[Site "Bydgoszcz"]
[Date "2023.08.30"]
[Round "11"]
[White "Chiszko, Oskar"]
[Black "Wons, Krystian"]
[Result "1-0"]
[WhiteElo "1876"]
[BlackElo "1510"]
[PlyCount "65"]
[EventDate "2023.08.28"]
[EventType "swiss"]
[EventRounds "11"]
[EventCountry "POL"]
[SourceTitle "CBM 216 Extra"]
[Source "ChessBase"]
[SourceDate "2023.11.30"]
[SourceVersion "1"]
[SourceVersionDate "2023.11.30"]
[SourceQuality "1"]

1. d4 Nf6 2. c4 g6 3. Nc3 d5 4. Bg5 Ne4 5. Bh4 Nxc3 6. bxc3 Bg7 7. e3 c5 8. Nf3 Nc6 9. Be2 Qa5 10. Qd2 cxd4 11. cxd4 Qxd2+ 12. Nxd2 e6 13. 0-0 0-0 14. Bf3 dxc4 15. Nxc4 Bd7 16. Nd6 Rfb8 17. Bg3 Na5 18. Ne4 Rc8 19. Nd6 Rcb8 20. Rab1 Bc6 21. Bxc6 bxc6 22. Ne4 Rxb1 23. Nc5 Bf8 24. Rxb1 Rc8 25. Nd7 Nc4 26. Kf1 Bd6 27. Ke2 Bxg3 28. hxg3 Nd6 29. e4 Rc7 30. Rb8+ Nc8 31. Ne5 c5 32. Nc6 c4 33. Kd2 1-0

[Event "POL-ch Rapid U18"]
[Site "Bydgoszcz"]
[Date "2023.08.30"]
[Round "8"]
[White "Kisielinski, Stanislaw"]
[Black "Chiszko, Oskar"]
[Result "0-1"]
[WhiteElo "1427"]
[BlackElo "1876"]
[PlyCount "112"]
[EventDate "2023.08.28"]
[EventType "swiss"]
[EventRounds "11"]
[EventCountry "POL"]
[SourceTitle "CBM 216 Extra"]
[Source "ChessBase"]
[SourceDate "2023.11.30"]
[SourceVersion "1"]
[SourceVersionDate "2023.11.30"]
[SourceQuality "1"]

1. Nf3 Nf6 2. g3 g6 3. Bg2 Bg7 4. 0-0 0-0 5. d4 d6 6. c3 Nbd7 7. Nbd2 c6 8. e4 Qc7 9. Re1 e5 10. Nb3 b6 11. Bg5 h6 12. Bxf6 Bxf6 13. Qd2 Bg7 14. Rad1 Rd8 15. dxe5 dxe5 16. Qd6 Qxd6 17. Rxd6 c5 18. Red1 Bf8 19. R6d2 f6 20. Bh3 c4 21. Nc1 f5 22. exf5 Re8 23. fxg6 Nc5 24. Bxc8 Raxc8 25. h4 e4 26. Nd4 Nd3 27. Nxd3 exd3 28. h5 Re5 29. g4 Rg5 30. f3 Bc5 31. Re1 b5 32. Re4 Rd5 33. Kg2 Bxd4 34. Rxd4 Rxd4 35. cxd4 b4 36. d5 c3 37. bxc3 bxc3 38. Rxd3 c2 39. d6 c1Q 40. d7 Rd8 41. Rb3 Qc2+ 42. Kg3 Qxa2 43. Re3 Rxd7 44. Re8+ Kg7 45. Kf4 Rf7+ 46. Kg3 Rd7 47. Kf4 Qh2+ 48. Kf5 Rd5+ 49. Ke4 Qe2+ 50. Kf4 Qxe8 51. g5 Qe5+ 52. Kg4 Qxg5+ 53. Kh3 Qxh5+ 54. Kg3 Qg5+ 55. Kh3 Qxg6 56. Kh4 Rh5# 0-1

[Event "POL-ch Rapid U18"]
[Site "Bydgoszcz"]
[Date "2023.08.29"]
[Round "2"]
[White "Kolanowski, Franciszek"]
[Black "Chiszko, Oskar"]
[Result "0-1"]
[WhiteElo "1281"]
[BlackElo "1876"]
[PlyCount "92"]
[EventDate "2023.08.28"]
[EventType "swiss"]
[EventRounds "11"]
[EventCountry "POL"]
[SourceTitle "CBM 216 Extra"]
[Source "ChessBase"]
[SourceDate "2023.11.30"]
[SourceVersion "1"]
[SourceVersionDate "2023.11.30"]
[SourceQuality "1"]

1. e4 d5 2. d4 dxe4 3. Nc3 Bf5 4. Nxe4 Bg6 5. Ng3 Nd7 6. Nf3 h6 7. h4 Be4 8. Bd3 Bxd3 9. Qxd3 e6 10. Be3 Ngf6 11. 0-0-0 Be7 12. Kb1 0-0 13. Ne4 Nxe4 14. Qxe4 Nf6 15. Qd3 Qd5 16. Nd2 Rfd8 17. c4 Qf5 18. Qxf5 exf5 19. Nb3 Ng4 20. Rde1 Bf6 21. Rhf1 Bxh4 22. Re2 Re8 23. Rfe1 Red8 24. g3 Bf6 25. Rd1 b6 26. Bf4 g5 27. Bc1 Re8 28. Rde1 Kf8 29. Bd2 Rxe2 30. Rxe2 Nh2 31. Bb4+ Kg7 32. Be7 Nf3 33. Re3 g4 34. Kc2 Nxd4+ 35. Kd3 Nxb3 36. axb3 Bxb2 37. b4 Bf6 38. c5 bxc5 39. bxc5 a5 40. Kc4 a4 41. Bxf6+ Kxf6 42. Ra3 f4 43. Kb4 fxg3 44. fxg3 Ke5 45. Re3+ Kd4 46. Rc3 Rb8+ 0-1

[Event "EU-chT U12"]
[Site "Iasi"]
[Date "2023.07.29"]
[Round "6.4"]
[White "Gales, Randi Ioan"]
[Black "Chiszko, Oskar"]
[Result "1/2-1/2"]
[WhiteElo "2019"]
[BlackElo "1860"]
[PlyCount "136"]
[EventDate "2023.07.24"]
[EventType "team-swiss"]
[EventRounds "7"]
[EventCountry "ROU"]
[SourceTitle "CBM 215 Extra"]
[Source "ChessBase"]
[SourceDate "2023.09.30"]
[SourceVersion "1"]
[SourceVersionDate "2023.09.30"]
[SourceQuality "1"]
[WhiteTeam "Romania U12"]
[BlackTeam "Poland U12"]
[WhiteTeamCountry "ROU"]
[BlackTeamCountry "POL"]

1. d4 Nf6 2. Nf3 g6 3. c4 Bg7 4. Nc3 0-0 5. e4 d6 6. h3 Na6 7. Be3 e5 8. d5 Nc5 9. Nd2 a5 10. g4 Bd7 11. Be2 Ne8 12. h4 h6 13. h5 g5 14. Qc2 Na6 15. 0-0 c5 16. a3 Nf6 17. f3 Qc7 18. Nb5 Qb8 19. Nb1 Rc8 20. N1c3 Bf8 21. Qd2 Kh7 22. b3 b6 23. Na2 Bxb5 24. cxb5 Nc7 25. Nc3 Qb7 26. Na4 Nd7 27. Bc4 Be7 28. Rfc1 Ra7 29. Bd3 Kg7 30. Nc3 Rg8 31. Ne2 Kh8 32. Ng3 Ne8 33. Nf5 Bf8 34. Qb2 Kh7 35. Bf2 Ng7 36. Ne3 Be7 37. Be2 Rga8 38. Be1 Qb8 39. Bc3 Qb7 40. Nc4 Qb8 41. Ra2 Bd8 42. Rca1 Ne8 43. Kg2 Kg8 44. Ne3 Kh7 45. b4 f6 46. Nc4 Bc7 47. bxa5 bxa5 48. a4 Bb6 49. Bd3 Qc7 50. Qe2 Ng7 51. Rf1 Rg8 52. Qe1 Kh8 53. Bb1 Raa8 54. Kh1 Ra7 55. Rg2 Raa8 56. Bd2 Ra7 57. Qc1 Raa8 58. Qc2 Raf8 59. Rh2 Ra8 60. Qc1 Rgf8 61. Rg1 Ne8 62. Kg2 Ra7 63. Kf1 Ra8 64. Ke2 Ra7 65. Kd1 Qd8 66. Kc2 Bc7 67. Kb2 Nb6 68. Nxb6 Bxb6 1/2-1/2